Technológia a technika výbraných služieb návody na praktické cvičenia

Saved in:
Bibliographic Details
Main Author: Mateides, Alexander
Corporate Author: Vysoká škola ekonomická v Bratislave. Fakulta ekonomiky služieb a cestovného ruchu v Banskej Bystrici
Format: Book
Language:Slovak
Published: Bratislava VŠE 1984
Tags: Add Tag
No Tags, Be the first to tag this record!

MARC

LEADER 00000nam a2200000 4500
001 c116996
005 20221220085813.9
041 0 |a slo 
044 |a SK 
245 1 0 |a Technológia a technika výbraných služieb  |b návody na praktické cvičenia  |c Alexander Mateides a kol. 
264 1 |a Bratislava  |b VŠE  |c 1984 
300 |a 175 s. 
100 1 |a Mateides, Alexander 
710 2 |a Vysoká škola ekonomická v Bratislave. Fakulta ekonomiky služieb a cestovného ruchu v Banskej Bystrici